|
|
|
|
| LEADER |
00000nam a2200000 a 4500 |
| 001 |
vtls008889377 |
| 003 |
SK-MaSNL |
| 005 |
20260301080551.0 |
| 007 |
co cgu auuua |
| 008 |
061211s2006 xo fsa 100 0 slo |
| 015 |
|
|
|a SNBS2006
|
| 020 |
|
|
|a 802281654X
|
| 040 |
|
|
|a SNK
|b slo
|c SNK
|e AACR2
|
| 041 |
0 |
|
|a slo
|a eng
|
| 044 |
|
|
|a xo
|c SK
|
| 072 |
|
7 |
|a 674
|x Drevo. Drevársky priemysel
|2 konspekt
|
| 072 |
|
7 |
|a 534
|x Mechanické kmity. Akustika
|2 konspekt
|
| 080 |
|
|
|a 674.038.1
|2 2001
|
| 080 |
|
|
|a 630.55
|2 2001
|
| 080 |
|
|
|a 630.81
|2 2001
|
| 080 |
|
|
|a 681.81-027.3
|2 2001
|
| 080 |
|
|
|a 534
|2 2001
|
| 080 |
|
|
|a (063)
|2 2001
|
| 080 |
|
|
|a (0.034.44)
|2 2001
|
| 080 |
|
|
|a 674.03
|2 2001
|
| 111 |
2 |
|
|a Material - Acoustics - Place
|n (2. :
|d 2006 :
|c Zvolen, Slovensko)
|9 91316
|
| 245 |
1 |
0 |
|a Material - Acoustics - Place 2006
|h elektronický zdroj
|b proceedings of the 2nd International Symposium [September 06-08 2006, Zvolen, Slovakia]
|
| 250 |
|
|
|a [1.vyd.]
|
| 256 |
|
|
|a Elektronické dokumenty
|
| 260 |
|
|
|a Zvolen
|b Technická univerzita
|c 2006
|
| 300 |
|
|
|a 1 elektronický optický disk (CD-ROM)
|c 12 cm
|
| 546 |
|
|
|a Čiast. text angl.
|
| 650 |
0 |
7 |
|a vlastnosti dreva
|2 SNKPH
|9 66626
|
| 650 |
0 |
7 |
|a dendrochronológia
|2 SNKPH
|9 76893
|
| 650 |
0 |
7 |
|a štruktúra dreva
|2 SNKPH
|9 66625
|
| 650 |
0 |
7 |
|a výroba hudobných nástrojov
|2 SNKPH
|9 69796
|
| 650 |
0 |
7 |
|a akustika
|2 SNKPH
|9 705
|
| 650 |
0 |
7 |
|a drevo
|2 SNKPH
|9 3560
|
| 655 |
|
7 |
|a zborníky konferencií
|2 SNKPH
|9 70153
|
| 655 |
|
7 |
|a CD-ROM
|2 SNKPH
|9 70236
|
| 919 |
|
|
|a 80-228-1654-X
|
| 999 |
|
|
|c 653549
|d 655479
|
| 952 |
|
|
|a SNK
|b SNK
|y PREZ
|7 0
|p 17A0531712
|o snkSCDM 1089 D1
|i snk2006/25697
|8 0
|0 0
|1 0
|4 0
|d 2006-12-11
|l 0
|r 2026-02-23 18:28:49
|w 2026-02-23
|
| 952 |
|
|
|a SNK
|b SNK
|y PREZ
|7 0
|p 17A0531713
|o snkSCDM 1089
|i snk2006/25696
|8 0
|0 0
|1 0
|4 0
|d 2006-12-11
|l 0
|r 2026-02-23 18:28:49
|w 2026-02-23
|